000 00412 a2200097 4500
020 _a0444892109
920 _a0-444-89210-9
245 0 _aProtocol Specification, Testing and Verification :
_bProceedings of the IFIP WG 6.1 Eleventh International Symposium /
_cJonsson Bengt, Parrow Joachim, Pehrson Bjorn.
710 2 _aNorth-Holland.
_eWydawca
_4pbl
260 _aAmsterdam :
_bNorth-Holland,
_c1991.
300 _aXIII, 365 s.:
_bil.;
_c23 cm.
999 _c1995
_d1995